[Event "GER-ch U08"]
[Site "Willingen"]
[Date "2023.06.01"]
[Round "4"]
[White "Mudriievskyi, Jan"]
[Black "Stopp, Bruno"]
[Result "0-1"]
[WhiteElo "1062"]
[BlackElo "1170"]
[PlyCount "44"]
[EventDate "2023.05.30"]
[EventType "swiss"]
[EventRounds "7"]
[EventCountry "GER"]
[SourceTitle "CBM 214 Extra"]
[Source "ChessBase"]
[SourceDate "2023.07.31"]
[SourceVersion "1"]
[SourceVersionDate "2023.07.31"]
[SourceQuality "1"]

1. e4 e5 2. Nf3 Nc6 3. Bc4 Bc5 4. 0-0 Nf6 5. d4 exd4 6. e5 Ne4 7. Re1 f5 8. exf6 d5 9. fxg7 Rg8 10. Rxe4+ dxe4 11. Bxg8 exf3 12. Bxh7 Be6 13. g8Q+ Bxg8 14. Bxg8 Qe7 15. Bf4 0-0-0 16. Bb3 Re8 17. Nd2 fxg2 18. Kxg2 Qg7+ 19. Kh1 d3 20. cxd3 Bxf2 21. Qf3 Bb6 22. Rg1 Qxg1# 0-1